Follow through (Include CD) (Record no. 175521)
[ view plain ]
| 000 -LEADER | |
|---|---|
| fixed length control field | 00906 a2200193 4500 |
| 003 - CONTROL NUMBER IDENTIFIER | |
| control field | Nust |
| 005 - DATE AND TIME OF LATEST TRANSACTION | |
| control field | 20170207152505.0 |
| 020 ## - INTERNATIONAL STANDARD BOOK NUMBER | |
| International Standard Book Number | 0946675104 |
| 040 ## - CATALOGING SOURCE | |
| Transcribing agency | Nust |
| 082 ## - DEWEY DECIMAL CLASSIFICATION NUMBER | |
| Classification number | 428 |
| 100 ## - MAIN ENTRY--PERSONAL NAME | |
| Personal name | Lonergan, Jack |
| 245 ## - TITLE STATEMENT | |
| Title | Follow through (Include CD) |
| Statement of responsibility, etc. | Lonergan, Jack |
| 260 ## - PUBLICATION, DISTRIBUTION, ETC. | |
| Place of publication, distribution, etc. | London |
| Name of publisher, distributor, etc. | BBC English |
| Date of publication, distribution, etc. | 1990 |
| 300 ## - PHYSICAL DESCRIPTION | |
| Extent | 168 |
| 505 ## - FORMATTED CONTENTS NOTE | |
| Formatted contents note | Unit 1. Hello.4.Unit 2. What will Happen.6.Unit 3.What will u Have.18.Unit 4.What u have been Doing.29Unit 5.Tell us about the stars ur met.40.Unit 6.If U……I ll.50.Unit 7.Its not as if….61.Unit 8.The police were called.72.Unit 9.BNecause since due to….83.Unit 10.Ists as simple ABC.94.Unit 11.Hardly ever,104.Unit 12.Thats all very well but…115.Unit 13.I Don,t understand.126.Unit 14.You should see a doctor.138Unit 15.Family Fun or Fallow Throught.148 |
| 538 ## - SYSTEM DETAILS NOTE | |
| System details note | Almirah No.22 Shelf No.6 |
| 650 ## - SUBJECT ADDED ENTRY--TOPICAL TERM | |
| Topical term or geographic name entry element | English language |
| 651 ## - SUBJECT ADDED ENTRY--GEOGRAPHIC NAME | |
| Geographic name | (Include CD) |
| 942 ## - ADDED ENTRY ELEMENTS (KOHA) | |
| Koha item type | Reference |
| Withdrawn status | Lost status | Source of classification or shelving scheme | Damaged status | Not for loan | Collection code | Permanent Location | Current Location | Date acquired | Total Checkouts | Full call number | Barcode | Date last seen | Price effective from | Koha item type |
|---|---|---|---|---|---|---|---|---|---|---|---|---|---|---|
| Military College of Signals (MCS) | Military College of Signals (MCS) | 12/12/2016 | 428 LON | MCS27936 | 12/08/2016 | 12/12/2016 | Book | |||||||
| Military College of Signals (MCS) | Military College of Signals (MCS) | 12/12/2016 | 428 LON | MCS36724 | 12/08/2016 | 12/12/2016 | Book |
